000 00973nam0a22002411 4500
001 rc\2714364
005 20250529123947.0
035 _a(NLR Aleph) 006842234
090 _a6657988
_c6657988
100 _a20110915d1938 |||y0rusy50 ca
101 0 _arus
102 _aRU
105 _aa g |||||
200 1 _aСправочник по технике сельскохозяйственного водоснабжения
_fПроф. В. В. Долинино-Иванский
210 _aОмск
_cОбл. гос. изд-во
_d1938
_gТипо-лит. изд-ва "Омская правда"
215 _a136 с.
_cчерт.
_d22 см.
320 _a"Список использов. лит-ры" (стр. 133)
700 1 _7ca
_8rus
_aДолинино-Иванский
_bВ. В.
_f1875-1954
_gВиктор Викторович
_9217530
_3RU\NLR\AUTH\770217586
801 0 _aRU
_bNLR
_gpsbo
801 1 _aRU
_bELAR
_2rusmarc
852 _aNLR
_j38-3/632
942 _cBOOK
980 _aNB